Statistics for Team History By NBA Player

Click here to take the quiz!

General Stats

  • This quiz has been taken 115 times
  • The average score is 23 of 31

Answer Stats

PlayerTeam% Correct
Shaquille O'NealMagic
100%
Shaquille O'NealLakers
99%
Shaquille O'NealHeat
97%
Shaquille O'NealCeltics
93%
Shaquille O'NealSuns
89%
Allen Iverson76ers
88%
Shaquille O'NealCavaliers
86%
Ray AllenHeat
84%
Jason KiddNets
84%
Ray AllenBucks
82%
Ray AllenCeltics
82%
Tracy McGradyMagic
81%
Steve NashSuns
80%
Allen IversonNuggets
79%
Tracy McGradyRaptors
79%
Tracy McGradyRockets
79%
Ray AllenSuperSonics
78%
Steve NashLakers
75%
Jason KiddMavericks
75%
Steve NashMavericks
74%
Jason KiddMavericks
72%
Steve NashSuns
71%
Jason KiddSuns
63%
Jason KiddKnicks
59%
Allen IversonPistons
59%
Allen Iverson76ers
58%
Tracy McGradySpurs
49%
Allen IversonGrizzlies
45%
Tracy McGradyKnicks
34%
Tracy McGradyPistons
34%
Tracy McGradyHawks
23%

Score Distribution

Percentile by Number Answered

Percent of People with Each Score

Your Score History

You have not taken this quiz